000 00797nam a2200181Ia 4500
008 151202s9999||||xx |||||||||||||| ||und||
082 _bPNVM-36715
100 _aकुलकर्णी भीमराव.
245 _aमराठी फार्स --19व्या शतकातील कार्य.
260 _b"महाराष्ट्र साहित्य परिषद,पुणे."
260 _c1987
300 _a408
600 _aकुलकर्णी भीमराव.
630 _aमराठी फार्स --19व्या शतकातील कार्य.
700 _aकुलकर्णी भीमराव.
730 _aमराठी फार्स --19व्या शतकातील कार्य.
942 _cBOOK
999 _c1302667
_d1302664